Intelligent Automatic Greenhouse

Gespeichert in:
Bibliographische Detailangaben
1. Verfasser: Špaková, Monika (Verfasst von)
Weitere Verfasser: Valo, Richard (Betreuung Doktorarbeit)
Format: Manuskript Buch
Sprache:Slowakisch
Englisch
Veröffentlicht: 2023
Schlagworte:
Online-Zugang:http://is.stuba.sk/zp/portal_zp.pl?podrobnosti=171501
Tags: Tag hinzufügen
Keine Tags, Fügen Sie das erste Tag hinzu!

MARC

LEADER 00000ntm a22000003a 4500
001 stuzp94479
003 SK-STU
005 20230909222249.9
007 ta
008 150427s2015----xo-----f-mn---000-0-slo-d
040 |a STU  |b slo 
041 0 |a eng 
100 1 |a Špaková, Monika  |u 047220  |4 aut  |U FCHPT Ústav informatizácie, automatizácie a matematiky  |T FCHPT Oddelenie informatizácie a riadenia procesov  |X 97450  |U C7220  |Y 121  |7 97450 
242 0 1 |a Inteligentný automatický skleník  |y slo 
245 1 0 |a Intelligent Automatic Greenhouse 
260 |c 2023 
650 4 |a skleník  |2 slo 
650 4 |a strojové učenie  |2 slo 
650 4 |a MQTT  |2 slo 
650 4 |a teplota  |2 slo 
650 4 |a greenhouse  |2 eng 
650 4 |a MQTT  |2 eng 
650 4 |a machine learning  |2 eng 
650 4 |a temperature  |2 eng 
700 1 |a Valo, Richard  |4 ths  |X 10204  |7 10204 
856 4 |u http://is.stuba.sk/zp/portal_zp.pl?podrobnosti=171501